Statistics for Countries with Similar Sounding Languages

Click here to take the quiz!

General Stats

  • This quiz has been taken 37 times
    (32 since last reset)
  • The average score is 57 of 65

Answer Stats

LanguageCountry% Correct
AlbanianAlbania
100%
ArmenianArmenia
96%
AzerbaijaniAzerbaijan
92%
BelarusianBelarus
92%
IrishIreland
92%
ItalianItaly
92%
JapaneseJapan
92%
RussianRussia
92%
UkrainianUkraine
92%
BosnianBosnia and Herzegovina
88%
BulgarianBulgaria
88%
Mandarin ChineseChina
88%
ComorianComoros
88%
CroatianCroatia
88%
CzechCzech Republic
88%
DanishDenmark
88%
EstonianEstonia
88%
FijianFiji
88%
FinnishFinland
88%
FrenchFrance
88%
GeorgianGeorgia
88%
GermanGermany
88%
GreekGreece
88%
Haitian CreoleHaiti
88%
HungarianHungary
88%
IcelandicIceland
88%
IndonesianIndonesia
88%
KazakhKazakhstan
88%
KyrgyzKyrgyzstan
88%
LaoLaos
88%
LatvianLatvia
88%
SothoLesotho
88%
LithuanianLithuania
88%
LuxembourgishLuxembourg
88%
MalayMalaysia
88%
MalteseMalta
88%
MongolianMongolia
88%
MontenegrinMontenegro
88%
NauruanNauru
88%
NepaliNepal
88%
KoreanNorth Korea
88%
MacedonianNorth Macedonia
88%
NorwegianNorway
88%
PalauanPalau
88%
FilipinoPhilippines
88%
PolishPoland
88%
PortuguesePortugal
88%
RomanianRomania
88%
SamoanSamoa
88%
SerbianSerbia
88%
Seychellois CreoleSeychelles
88%
SlovakSlovakia
88%
SloveneSlovenia
88%
SomaliSomalia
88%
KoreanSouth Korea
88%
SpanishSpain
88%
SwedishSweden
88%
TajikTajikistan
88%
ThaiThailand
88%
TonganTonga
88%
TurkishTurkey
88%
TurkmenTurkmenistan
88%
TuvaluanTuvalu
88%
UzbekUzbekistan
88%
VietnameseVietnam
88%

Score Distribution

Percentile by Number Answered

Percent of People with Each Score

Your Score History

You have not taken this quiz since the last reset